=LDR 00000nam 2200000 4500 =001 INLIS000000000018212 =005 20140825121913.0 =006 =007 =008 Ind =035 ##$$a 0010-061300000018212 =041 ##$$a Ind =082 ##$$a 635.25 =090 ##$$a 635.25, Men m =100 ##$$a Rismunandar =245 ##$$a membudidayakan 5 jenis bawang, Rismunandar =260 ##$$a 1986 $b Bandung =300 ##$$a xi, 113 hlm, ilus, 21 cm =650 ##$$a Bawang-budidaya =850 ##$$a NBPNMAT =990 ##$$a 0001/BPAP-NTB/20142014